000 01059cam a22002895a 4500
001 16591389
005 20151104093630.0
008 101227t2011 maua frb 001 0 eng d
020 _a9780123820945
040 _aDLC
_beng
_cDLC
_dEG-ScBUE
_dEG-ScBUE
082 0 4 _a005.1
_bRES
_222
100 1 _aResmini, Andrea.
_938665
245 1 0 _aPervasive information architecture :
_bdesigning cross-channel user experiences /
_cAndrea Resmini and Luca Rosati.
260 _aBurlington :
_bMorgan Kaufmann / Elsevier,
_cc.2011.
300 _axxi, 250 p. :
_bill. (some col.) ;
_c24 cm.
500 _aIndex : p. 243-250.
504 _aBibliography : p. 231-242.
650 0 _aUbiquitous computing.
_2BUEsh
650 0 _aUser interfaces (Computer systems)
_2BUEsh
650 0 _aInformation technology.
_2BUEsh
650 0 _aInformation storage and retrieval systems
_xArchitecture.
_2BUEsh
650 0 _aCross-platform software development.
_2BUEsh
651 _2BUEsh
653 _bCOMSCI
_cJune2015
_cNovember2015
700 1 _aRosati, Luca,
_d1971-
942 _2ddc
999 _c19915
_d19887